Normal view
MARC view
- Mian Talha Sarfraz
Entry Personal Name
001 - CONTROL NUMBER
- control field: 104091
003 - CONTROL NUMBER IDENTIFIER
- control field: NUST
005 - DATE AND TIME OF LATEST TRANSACTION
- control field: 20221205112509.0
008 - FIXED-LENGTH DATA ELEMENTS
- fixed length control field: 221205|| aca||aabn | a|a d
040 ## - CATALOGING SOURCE
- Original cataloging agency: NUST
- Transcribing agency: NUST
100 ## - HEADING--PERSONAL NAME
- Personal name: Mian Talha Sarfraz
670 ## - SOURCE DATA FOUND
- Source citation: Work cat.: (NUST): Mian Talha Sarfraz., Machine Learning Models for the Prediction of Ejection Fraction of left Ventricle in Coronary Heart Disease /, 2022.
